|
|
|
|
| LEADER |
00000nsb a2200000 a 4500 |
| 005 |
20230308204721.0 |
| 008 |
000000| ||||||||r|||||||||||spa|| |
| 022 |
|
|
|a 0120-0062
|
| 040 |
|
|
|b spa
|
| 041 |
1 |
|
|a spa
|
| 082 |
0 |
|
|a 105
|b U48i
|
| 100 |
1 |
|
|a Betancur, Cayetano
|9 16344
|
| 245 |
|
|
|a La tierra en el centro del universo
|c Cayetano Betancur
|h imp
|
| 264 |
|
|
|a Bogotá
|b Universidad Nacional de Colombia. Facultad de Ciencias Humanas
|c Diciembre 1951 - marzo 1952
|
| 300 |
|
|
|a páginas: 181-202
|c 25 cm
|
| 362 |
|
|
|a nos.- 3-4 (diciembre 1951- marzo 1952)
|
| 504 |
|
|
|a incl. ref.
|
| 650 |
1 |
|
|a Revista ideas y valores
|
| 710 |
1 |
|
|a bUniversidad Nacional de Colombia. Facultad de Ciencias Humanas
|9 283038
|
| 773 |
0 |
|
|0 52960
|9 52960
|a Betancur, Cayetano bUniversidad Nacional de Colombia. Facultad de Ciencias Humanas
|d Bogotá Universidad Nacional de Colombia. Facultad de Ciencias Humanas Diciembre 1951 - marzo 1952
|o 52960
|w 52960
|x 0120-0062
|g 294 páginas:
|t Ideas y Valores. Revista de la Facultad de Filosofía
|6 52960
|
| 852 |
|
|
|a UC-CDJBV
|c TERCER PISO (SECCION REVISTAS)
|f Donación
|k guillermina.martinez
|l 1
|m General
|p 00000000
|r 2
|b 0
|d CDRC
|e CDRC
|g 105 U48i TERCER PISO (SECCION REVISTAS)
|z 0000-00-00
|
| 942 |
|
|
|c SERA
|
| 999 |
|
|
|c 109223
|d 109223
|